| 000 | 00634nam a22002057a 4500 | ||
|---|---|---|---|
| 003 | OSt | ||
| 005 | 20160726140621.0 | ||
| 008 | 160726b xxu||||| |||| 00| 0 eng d | ||
| 020 | _a0340741260 | ||
| 040 | _c040a | ||
| 082 |
_aQY 90 _bP881c 2001 |
||
| 245 |
_aPractical paediatric respiratory medicine / _cMicheal Silverman, Christopher L. O'Callaghan |
||
| 260 |
_aLondon _bArnold _c2001 |
||
| 300 |
_aix, 293p; _bill : _c14 cm. |
||
| 504 | _aIncludes bibliographical references and index | ||
| 650 |
_aPaediatrics _93350 |
||
| 700 |
_aSilverman, Michael _910453 |
||
| 700 |
_aO' Callaghan, Christopher L _910454 |
||
| 942 |
_2z _cO_SHELF |
||
| 999 |
_c4868 _d4868 |
||